Kedy konáme dobro a kedy zlo?

Bibliographic Details
Main Author: Tisovičová, Antónia, 1950- (Author)
Format: Article
Language:Slovak
ISBN:8080632793
Subjects:

MARC

LEADER 00000naa a2200000 a 4500
001 vtls010258059
003 SK-MaSNL
005 20260302100626.0
008 11030223c2007 xo o |0||||||||0|||b|sl
015 |a SNBRA2009/04 
035 |a SVKKK000095099 
038 |a SVKKK 
040 |a SVKKK  |b slo  |c SVKKK  |e AACR2 
041 0 |a slo 
044 |a xo  |c SK 
080 |a 376.58  |2 1997 
080 |a 616.89-008.447  |2 1997 
080 |a 612.821.2  |2 1997 
100 1 |a Tisovičová, Antónia,  |d 1950-  |4 aut  |9 10074 
245 1 0 |a Kedy konáme dobro a kedy zlo?  |c Antónia Tisovičová 
504 |a Bibliogr. odkazy 
650 0 7 |a deti s poruchami správania  |x integrácia  |2 snkbucl  |9 771680 
650 0 7 |a syndróm ADHD  |x poruchy pozornosti a hyperaktivita  |2 snkbucl  |9 771681 
650 0 7 |a dobro a zlo  |x špeciálna pedagogika  |2 snkbucl  |9 771682 
773 0 |t Poruchy správania v edukačnom procese : zborník z medzinárodnej vedeckej špeciálnopedagogickej konferencie konanej 3.-5. mája 2007 v Košiciach  |d Martin : Osveta, 2007  |g S. 101-105  |z 8080632793 
852 |a SVKKK  |b BIB 
958 |a NB 
958 |a ME 
999 |c 1220539  |d 1222469